Diseño y construcción de una máquina R. R. Moore de fatiga
Guardado en:
| Autor principal: | |
|---|---|
| Formato: | Libro |
| Publicado: |
San José, Costa Rica
1991
|
| Materias: | |
| Etiquetas: |
Agregar Etiqueta
Sin Etiquetas, Sea el primero en etiquetar este registro!
|
MARC
| LEADER | 00000nam a2200000Ia 4500 | ||
|---|---|---|---|
| 003 | 006016 | ||
| 005 | 20221231144317.0 | ||
| 008 | 140114s1990 cr a m 000 ||s d | ||
| 040 | |c cru CEDI | ||
| 090 | |a TFG 2719 | ||
| 100 | |a Bejarano Gutiérrez, Oscar |9 12143 | ||
| 245 | |a Diseño y construcción de una máquina R. R. Moore de fatiga | ||
| 260 | |c 1991 |a San José, Costa Rica | ||
| 300 | |a xi, [174] hojas : ilustraciones ; 28 cm. | ||
| 500 | |a Tesis (licenciatura en ingenieria mecanica)--Universidad de Costa Rica. Facultad de Ingeniería. Escuela de Ingenieria Mecanica | ||
| 650 | |x MAQUINAS DE FATIGA - DISEÑO Y CONSTRUCCION |9 12144 | ||
| 942 | |c TFG | ||
| 999 | |c 19962 |d 19962 | ||
